00828 2200301 4500001002100000005001500021035002500036007000300061008004100064020002200105040001200127041000800139082001600147084001600163090002000179090002200199100001600221245006200237250002600299260003000325300004200355650003300397700001800430850001200448999002200460990002200482990002200504INLIS00000000003528320191211114256 a0010-041800000000463ta180405s2017 yoia g ind d a978-979-29-6401-1 aYOPDYOG1 aind042[23]a248.4 a248.4 BUR u aDEP 248.4 BUR u aCB-D.11 2017-24791 aBurke, John0 aUnshockable love /cJohn Burke; penerjemah, Tanto Handoko aCetakan Pertama, 20173 aYogyakarta :bAndi,c2017 ax, 399 halaman :bilustrasi ;c24 cm. 4aKehidupan beragama (Kristen)0 aTanto Handoko aYOPDYOG aCB-D.11/2017-2479 aCB-D.11/2017-2479 aCB-D.11/2017-2479